Leader xxxxxxxxxx
001 __ PCLIS00043966
005 __ 20211109094125.0
010 0_ |a978-986-6345-80-7|b平裝|dNT$240
100 __ |a20120409d2011 m y0chiy09 e
101 0_ |achi
102 __ |atw
105 __ |ay z 000ay
200 1_ |a地獄迴歸|fDiv(另一種聲音)著
205 __ |a初版
210 __ |a臺北市|c春天出版|a臺北縣新店市|c楨德圖書總經銷|d2009[民98]
215 0_ |a287面|d21公分
225 2_ |a地獄系列|i第九部|h9
225 2_ |a奇幻次元|v25
300 __ |a地獄系列第九部
410 _0 |12001 |a奇幻次元|v25
461 _1 |12001 |a地獄系列|v9
681 __ |a857.7|b8726
681 __ |a857.7|b8555
681 __ |a857.83|b8726 2011 V9
700 _0 |a另一種聲音|c(Div)|f1978- |4著
801 _0 |atw|b內湖高中|c20120409|gCCR
801 _2 |atw|b內湖高中|c20211109|gCCR
|